000 00313nam a2200121Ia 4500
005 20251222144842.0
008 251222s9999||||xx |||||||||||||| ||spa||
082 _a170/G51S
100 _aLuigi Giussani
245 0 _aSi no fuera tuyo, Cristo mío, me sentiría criatura finita
264 _bHuellas
942 _cLIB
999 _c21250
_d21250